[Event "ch-RUS Blitz 2016"]
[Site "Sochi RUS"]
[Date "2016.10.04"]
[Round "19.11"]
[White "Lugovskoy, Maxim"]
[Black "Shaposhnikov, Evgeny"]
[Result "0-1"]
[WhiteTitle "IM"]
[BlackTitle "GM"]
[WhiteElo "2436"]
[BlackElo "2557"]
[WhiteFideId "24126454"]
[BlackFideId "4122232"]
[EventDate "2016.10.04"]

1. d4 Nf6 2. Nc3 d5 3. Bf4 e6 4. Nb5 Na6 5. e3 Be7 6. a3 c6 7. Nc3 O-O 8. Nf3 c5
9. Bxa6 bxa6 10. O-O Bd7 11. Ne5 Bb5 12. Nxb5 axb5 13. Nc6 Qd7 14. Nxe7+ Qxe7
15. Bg5 h6 16. Bh4 Rfc8 17. c3 a5 18. h3 Rab8 19. Qf3 cxd4 20. exd4 b4 21. axb4
axb4 22. Rfc1 bxc3 23. bxc3 Rc6 24. Bxf6 Qxf6 25. Qxf6 gxf6 26. Rc2 Rc4 27. Kf1
Rbc8 28. Rac1 e5 29. dxe5 fxe5 30. Ke2 f6 31. Kd3 Kf7 32. f3 h5 33. g4 hxg4 34.
hxg4 Kg6 35. Rh2 d4 36. Rhc2 Kg5 37. cxd4 Rxc2 38. Rxc2 Rxc2 39. Kxc2 exd4 40.
Kd3 Kf4 41. Ke2 Kg3 42. Kd3 Kxf3 43. Kxd4 Kxg4 0-1

[Event "ch-RUS Blitz 2016"]
[Site "Sochi RUS"]
[Date "2016.10.04"]
[Round "19.12"]
[White "Gabrielian, Artur"]
[Black "Usmanov, Vasily"]
[Result "0-1"]
[WhiteTitle "GM"]
[BlackTitle "IM"]
[WhiteElo "2524"]
[BlackElo "2431"]
[WhiteFideId "4131002"]
[BlackFideId "4135741"]
[EventDate "2016.10.04"]

1. e4 d5 2. exd5 Qxd5 3. Nc3 Qd8 4. Nf3 c6 5. d4 Bf5 6. g3 e6 7. Bg2 Nf6 8. O-O
h6 9. Ne2 Be7 10. c4 O-O 11. Nc3 Nbd7 12. h3 Qb6 13. b3 Rad8 14. Be3 Qa5 15. Bd2
Bb4 16. Qe1 Bd3 17. Ne2 Bxd2 18. Nxd2 e5 19. dxe5 Qxe5 20. Nf4 Bxf1 21. Qxf1 Nc5
22. Nf3 Qc7 23. b4 Nce4 24. c5 Nd2 25. Nxd2 Rxd2 26. Qc4 Rfd8 27. Bf3 Qe5 28.
Rf1 R8d4 29. Qc1 Rd8 30. b5 Qb2 31. bxc6 bxc6 32. Qc4 Qxa2 33. Qb4 Rb2 34. Qe1
Rdd2 35. Bxc6 Qc4 36. Bg2 Qxc5 37. Qa1 Rxf2 38. Rxf2 Qxf2+ 39. Kh2 Nh5 0-1

[Event "ch-RUS Blitz 2016"]
[Site "Sochi RUS"]
[Date "2016.10.04"]
[Round "19.13"]
[White "Alekseev, Evgeny"]
[Black "Predke, Alexandr"]
[Result "1-0"]
[WhiteTitle "GM"]
[BlackTitle "GM"]
[WhiteElo "2636"]
[BlackElo "2587"]
[WhiteFideId "4138147"]
[BlackFideId "24107581"]
[EventDate "2016.10.04"]

1. e4 e5 2. Nf3 Nc6 3. Bc4 Bc5 4. c3 Nf6 5. d3 O-O 6. O-O d5 7. exd5 Nxd5 8. a4
a6 9. a5 Bf5 10. Nbd2 b5 11. axb6 Nxb6 12. Nb3 Be7 13. Bxa6 Rxa6 14. Rxa6 Bxd3
15. Ra1 Bxf1 16. Qxd8 Rxd8 17. Kxf1 f6 18. Ke2 Kf7 19. Nfd2 f5 20. g3 Bf6 21.
Ra6 Rd6 22. Na5 Nxa5 23. Rxa5 g6 24. Ra7 Rd7 25. Nb3 Be7 26. Na5 c5 27. Ra6 Nd5
28. Nc4 Bf6 29. Rc6 Rc7 30. Rd6 Ne7 31. Be3 g5 32. f3 h5 33. Ra6 g4 34. f4 exf4
35. Bxf4 Rc6 36. Ra7 Ke6 37. Kd3 Nd5 38. Bd2 Rc8 39. Ra6+ Ke7 40. Nd6 Rd8 41.
Nxf5+ Kf7 42. Ke2 c4 43. Rc6 Rb8 44. Nd6+ Ke7 45. Nxc4 Kd7 46. Rd6+ 1-0

[Event "ch-RUS Blitz 2016"]
[Site "Sochi RUS"]
[Date "2016.10.04"]
[Round "19.14"]
[White "Sakaev, Konstantin"]
[Black "Hasangatin, Ramil"]
[Result "0-1"]
[WhiteTitle "GM"]
[BlackTitle "GM"]
[WhiteElo "2594"]
[BlackElo "2505"]
[WhiteFideId "4104226"]
[BlackFideId "4122160"]
[EventDate "2016.10.04"]

1. d4 g6 2. c4 Bg7 3. e4 e6 4. Nc3 Ne7 5. Nf3 d5 6. e5 Nbc6 7. Bf4 b6 8. cxd5
Nxd5 9. Bb5 Bd7 10. Nxd5 exd5 11. e6 fxe6 12. Rc1 Nb8 13. Bxc7 Qe7 14. Bxb8 Bxb5
15. Rc8+ Kf7 16. Rc7 Bd7 17. Ng5+ Kg8 18. Bxa7 Qd6 19. Bxb6 h6 20. Nf3 Bb5 21.
Ra7 Rxa7 22. Bxa7 Qa6 23. Bc5 Qxa2 24. Qc1 Kh7 25. Kd2 Ra8 26. Qc3 Qa6 27. Rc1
Qb7 28. Ke1 Bc4 29. Qe3 Qxb2 30. Qd2 Qb5 31. Ne5 Ra2 32. Nxc4 Rxd2 33. Nxd2 Qd3
34. Nf3 Qe4+ 35. Kf1 Qf4 36. Re1 Qf5 37. Bd6 Qd3+ 38. Kg1 Qf5 39. Be5 Bf8 40. h3
g5 41. Re3 Be7 42. g4 Qf7 43. Kg2 Kg8 44. Bg3 Bf6 45. Ne5 Qb7 46. Rf3 Bg7 47.
Rc3 Qb4 48. Rd3 Qb1 49. Rd2 Qc1 50. Nf3 Qc3 51. Rd1 Bf6 52. Be5 Be7 53. Rb1 Qc6
54. Rb8+ Kf7 55. Rh8 Bf8 56. Rh7+ Kg8 57. Rh8+ Kf7 58. Rh7+ Kg8 59. Rc7 Qb6 60.
Rc8 Kf7 61. Bg3 Bg7 62. Rc7+ Kg8 63. Rc8+ Kf7 64. Rb8 Qa6 65. Ne5+ Bxe5 66. Bxe5
Qe2 67. Rb7+ Kg8 68. Rg7+ Kf8 69. Rc7 Qe4+ 70. Kg3 Qd3+ 71. Kh2 Qd2 72. Kg2 Qe2
73. Rc3 Kg8 74. Re3 Qa6 75. Rf3 Qe2 76. Rf6 Qe4+ 77. Kh2 Qe2 78. Kg3 Qd3+ 79.
Kh2 Qe2 80. Bg3 Kg7 81. Be5 Kg8 82. Kg2 Qe4+ 83. Kg3 Qd3+ 84. Rf3 Qf1 85. Kh2
Qe2 86. Rf6 Kh7 87. Kg1 Qe1+ 88. Kg2 Qe4+ 89. Kg3 Qd3+ 90. Rf3 Qe2 91. Rf7+ Kg8
92. Rg7+ Kf8 93. Rc7 Qd3+ 94. Kh2 Qd2 95. Kg2 Qe2 96. Rc3 Qe4+ 97. Kh2 Qe2 98.
Kg1 Qe1+ 99. Kg2 Qxc3 0-1

[Event "ch-RUS Blitz 2016"]
[Site "Sochi RUS"]
[Date "2016.10.04"]
[Round "19.15"]
[White "Shcherbakov, Ruslan"]
[Black "Dreev, Aleksey"]
[Result "1-0"]
[WhiteTitle "GM"]
[BlackTitle "GM"]
[WhiteElo "2516"]
[BlackElo "2660"]
[WhiteFideId "4102240"]
[BlackFideId "4100107"]
[EventDate "2016.10.04"]

1. e4 c6 2. d4 d5 3. Nc3 dxe4 4. Nxe4 Bf5 5. Ng3 Bg6 6. h4 h6 7. Nf3 e6 8. Ne5
Bh7 9. Bc4 Nd7 10. Qe2 Nxe5 11. dxe5 Ne7 12. Bb3 a5 13. a4 Nd5 14. Bd2 Qc7 15.
O-O Be7 16. Nh5 Rg8 17. g3 O-O-O 18. Rfe1 Bc5 19. Qf3 Bg6 20. Nf4 Nxf4 21. Bxf4
h5 22. Bg5 Be7 23. Bxe7 Qxe7 24. Qe3 Qb4 25. Red1 Be4 26. f3 Bf5 27. Kf2 Kc7 28.
Kg2 Qb6 29. Kf2 Qb4 30. Kg2 Qb6 31. Kf2 f6 32. exf6 gxf6 33. Qxb6+ Kxb6 34. Rxd8
Rxd8 35. Ke3 Kc5 36. Rg1 Rg8 37. c3 e5 38. Bxg8 1-0

[Event "ch-RUS Blitz 2016"]
[Site "Sochi RUS"]
[Date "2016.10.04"]
[Round "19.16"]
[White "Timofeev, Artyom"]
[Black "Rozum, Ivan"]
[Result "1-0"]
[WhiteTitle "GM"]
[BlackTitle "GM"]
[WhiteElo "2601"]
[BlackElo "2590"]
[WhiteFideId "4140419"]
[BlackFideId "24104272"]
[EventDate "2016.10.04"]

1. c4 Nf6 2. Nc3 e6 3. e4 d5 4. cxd5 exd5 5. e5 Ne4 6. Nf3 Be7 7. d4 O-O 8. Bd3
f5 9. O-O Nc6 10. g3 Kh8 11. h4 Be6 12. Bf4 Bf7 13. Kg2 Bh5 14. Be2 Qd7 15. Rc1
Nd8 16. Ng1 Bxe2 17. Ncxe2 g5 18. hxg5 Nxg5 19. Bxg5 Bxg5 20. f4 Bh6 21. Nf3 Rg8
22. Kf2 Ne6 23. Qd3 Qf7 24. Rh1 Bg7 25. Rh3 h6 26. Rch1 Rgf8 27. Ng5 Qg6 28.
Nxe6 Qxe6 29. Ng1 Kg8 30. Nf3 c6 31. Rh5 Qg6 32. R1h4 Qe6 33. Nh2 Rf7 34. Nf1
Raf8 35. Ne3 a5 36. Ke2 b6 37. g4 fxg4 38. f5 Qe7 39. Rxg4 Qb4 40. b3 Qa3 41.
Qc2 Kh8 42. f6 Kg8 43. Rxh6 1-0

[Event "ch-RUS Blitz 2016"]
[Site "Sochi RUS"]
[Date "2016.10.04"]
[Round "19.17"]
[White "Matinian, Nikita"]
[Black "Belyakov, Bogdan"]
[Result "1/2-1/2"]
[WhiteTitle "IM"]
[BlackTitle "IM"]
[WhiteElo "2495"]
[BlackElo "2487"]
[WhiteFideId "24129100"]
[BlackFideId "24104795"]
[EventDate "2016.10.04"]

1. e4 e5 2. Nf3 Nc6 3. Bb5 Nf6 4. d3 Bc5 5. Bxc6 dxc6 6. Nbd2 Be6 7. Nb3 Bd6 8.
h3 c5 9. Bg5 h6 10. Bxf6 Qxf6 11. Na5 b6 12. Nc4 O-O 13. Nfd2 b5 14. Ne3 a5 15.
Qh5 a4 16. Nf5 c4 17. g4 cxd3 18. cxd3 Qg5 19. Qxg5 hxg5 20. h4 gxh4 21. Rxh4 g6
22. Ke2 gxf5 23. gxf5 Kg7 24. fxe6 fxe6 25. Rg1+ Kf6 26. Rh6+ Ke7 27. Rgg6 Kd7
28. Rxe6 Rg8 29. Nf3 Rae8 30. Rxe8 Rxe8 31. Nh4 Bc5 32. Nf5 Rg8 33. Rh7+ Kc6 34.
Rg7 Rh8 35. Rg6+ Kd7 36. Rg7+ Kc6 37. Rg6+ Kd7 38. Rh6 Rg8 39. Rh7+ Kc6 40. Re7
Rg1 41. Re6+ Bd6 1/2-1/2

[Event "ch-RUS Blitz 2016"]
[Site "Sochi RUS"]
[Date "2016.10.04"]
[Round "19.18"]
[White "Golubov, Saveliy"]
[Black "Levin, Evgeny A."]
[Result "0-1"]
[WhiteTitle "IM"]
[BlackTitle "GM"]
[WhiteElo "2481"]
[BlackElo "2505"]
[WhiteFideId "24176729"]
[BlackFideId "4182596"]
[EventDate "2016.10.04"]

1. b3 b6 2. Bb2 Bb7 3. Nc3 Nf6 4. Nf3 g6 5. g3 Bg7 6. Bg2 c5 7. O-O O-O 8. Re1
d6 9. e4 Nbd7 10. d3 a6 11. Qd2 e6 12. Rad1 Qc7 13. a4 Rfd8 14. d4 cxd4 15. Qxd4
Nc5 16. b4 Ne8 17. e5 dxe5 18. Qc4 e4 19. Ng5 Nd7 20. Qxc7 Nxc7 21. Ngxe4 Rab8
22. f4 f5 23. Ng5 Bxg2 24. Kxg2 Nf8 25. Rxd8 Rxd8 26. Rd1 Rc8 27. Rd3 Ne8 28.
Nf3 Rc4 29. b5 axb5 30. axb5 Nc7 31. Nd2 Rd4 32. Rxd4 Bxd4 33. Na4 Bxb2 34. Nxb2
Nxb5 35. Nbc4 Nd7 36. Nb3 Kf7 37. Kf3 Ke7 38. Ke3 Nd6 39. Nbd2 Nxc4+ 40. Nxc4
Kd8 41. Kd4 Kc7 42. h4 b5 43. Ne5 Nf6 44. Nf3 Kd6 45. Ng5 h5 46. Nf7+ Kc7 47.
Ne5 Ne4 48. Nxg6 Kd6 49. Ne5 Nxg3 50. c4 bxc4 51. Nxc4+ Ke7 52. Nd2 Ne2+ 53. Ke3
Nc3 54. Nf1 Nd5+ 55. Kf3 Nf6 56. Ng3 Kf7 57. Ne2 Nd5 58. Nd4 Kf6 59. Ne2 Ne7 60.
Ng3 Kg6 61. Ne2 Nc6 62. Ke3 Kf6 63. Ng3 Kg6 64. Ne2 e5 65. fxe5 Nxe5 66. Nf4+
Kh6 67. Ng2 Ng6 68. Kf3 Kg7 69. Kg3 Kf6 70. Ne1 f4+ 71. Kf3 Kf5 72. Ng2 Ne5+ 73.
Kf2 Ke4 74. Ne1 f3 75. Nc2 Kf4 76. Nd4 Ng4+ 77. Kf1 Ne3+ 78. Kf2 Ng4+ 79. Kf1
Ke4 80. Nc2 Ne3+ 81. Nxe3 Kxe3 82. Ke1 Kf4 0-1

[Event "ch-RUS Blitz 2016"]
[Site "Sochi RUS"]
[Date "2016.10.04"]
[Round "19.19"]
[White "Kryakvin, Dmitry"]
[Black "Moiseenko, Vadim"]
[Result "0-1"]
[WhiteTitle "GM"]
[BlackTitle "IM"]
[WhiteElo "2554"]
[BlackElo "2528"]
[WhiteFideId "4153278"]
[BlackFideId "4123700"]
[EventDate "2016.10.04"]

1. d4 Nf6 2. c4 b6 3. Nf3 Bb7 4. g3 e6 5. Bg2 d5 6. O-O dxc4 7. Qa4+ Nbd7 8.
Qxc4 a6 9. Bg5 b5 10. Qc2 c5 11. dxc5 Bxc5 12. Nc3 Rc8 13. Qd2 Qb6 14. Ne1 Bxg2
15. Nxg2 O-O 16. Rad1 Rfd8 17. Qf4 h6 18. Bxf6 Nxf6 19. Rxd8+ Rxd8 20. Rd1 b4
21. Rxd8+ Qxd8 22. Ne3 bxc3 23. bxc3 Bxe3 24. Qxe3 Qd1+ 25. Kg2 Qd5+ 0-1

[Event "ch-RUS Blitz 2016"]
[Site "Sochi RUS"]
[Date "2016.10.04"]
[Round "19.20"]
[White "Bologan, Victor"]
[Black "Savitskiy, Sergey"]
[Result "0-1"]
[WhiteTitle "GM"]
[BlackTitle "FM"]
[WhiteElo "2640"]
[BlackElo "2415"]
[WhiteFideId "13900048"]
[BlackFideId "24105660"]
[EventDate "2016.10.04"]

1. e4 c5 2. Nf3 d6 3. d4 cxd4 4. Nxd4 Nf6 5. Nc3 Nc6 6. Bg5 e6 7. Qd2 a6 8.
O-O-O Bd7 9. f3 Be7 10. Be3 b5 11. Nxc6 Bxc6 12. Ne2 e5 13. g4 O-O 14. Ng3 Re8
15. g5 Nd7 16. Nf5 Bf8 17. Nxd6 Re6 18. Nf5 Qc7 19. Kb1 Nb6 20. Qa5 Rb8 21. Be2
Be8 22. h4 Qb7 23. Bxb6 Rxb6 24. h5 Rc8 25. Qd2 Qc7 26. Bd3 b4 27. Qe2 a5 28. b3
a4 29. Bc4 Kh8 30. Ne3 Rc6 31. Bb5 Rc5 32. Bxe8 Rxe8 33. Nd5 Qa7 34. g6 fxg6 35.
hxg6 h6 36. Rh5 Rc6 37. Qg2 Rec8 38. Rf5 Qa8 39. Rxf8+ Rxf8 40. Nxb4 Rcf6 41.
Rd3 a3 42. Nd5 Rd6 43. c4 Qa7 44. Qg3 Re6 45. Rc3 Qd4 46. Qg2 Rd6 47. Rc1 Rxf3
48. Qc2 Rf2 49. Qc3 Qxe4+ 50. Ka1 Qe2 51. Nb4 Rd2 0-1

[Event "ch-RUS Blitz 2016"]
[Site "Sochi RUS"]
[Date "2016.10.04"]
[Round "20.1"]
[White "Savchenko, Boris"]
[Black "Artemiev, Vladislav"]
[Result "0-1"]
[WhiteTitle "GM"]
[BlackTitle "GM"]
[WhiteElo "2613"]
[BlackElo "2663"]
[WhiteFideId "4147332"]
[BlackFideId "24101605"]
[EventDate "2016.10.04"]

1. e4 c5 2. Nf3 d6 3. d4 cxd4 4. Nxd4 Nf6 5. Nc3 a6 6. Bg5 Nbd7 7. Qe2 h6 8.
Bxf6 Nxf6 9. O-O-O e5 10. Nf5 g6 11. Ne3 Be6 12. Kb1 Rc8 13. Ned5 Nxd5 14. Nxd5
Rc5 15. Nb4 Qb6 16. a3 h5 17. h4 Bh6 18. g3 O-O 19. Bh3 Bc4 20. Qf3 a5 21. Nd5
Bxd5 22. Rxd5 Rxd5 23. exd5 f5 24. Qe2 e4 25. c3 Rc8 26. Ka2 Qc5 27. Rd1 b5 28.
Bf1 b4 29. cxb4 axb4 30. a4 b3+ 31. Kxb3 Rb8+ 32. Ka2 Bc1 33. Rxc1 Qxc1 34. a5
Rb4 35. b3 Rd4 36. b4 Rd2+ 37. Kb3 Qc2+ 0-1

[Event "ch-RUS Blitz 2016"]
[Site "Sochi RUS"]
[Date "2016.10.04"]
[Round "20.2"]
[White "Matlakov, Maxim"]
[Black "Dubov, Daniil"]
[Result "1-0"]
[WhiteTitle "GM"]
[BlackTitle "GM"]
[WhiteElo "2691"]
[BlackElo "2648"]
[WhiteFideId "4168003"]
[BlackFideId "24126055"]
[EventDate "2016.10.04"]

1. Nf3 d5 2. g3 c6 3. Bg2 Bg4 4. O-O Nd7 5. h3 Bxf3 6. Bxf3 e6 7. d3 Bd6 8. e4
h5 9. d4 dxe4 10. Bxe4 h4 11. g4 Qc7 12. c4 Ngf6 13. Bg2 Bf4 14. Nc3 O-O 15. Qf3
Bxc1 16. Raxc1 e5 17. d5 cxd5 18. cxd5 Qb6 19. g5 Ne8 20. Qg4 Rd8 21. Qxh4 Nd6
22. Ne4 Rc8 23. Qg4 Nc5 24. Nf6+ 1-0

[Event "ch-RUS Blitz 2016"]
[Site "Sochi RUS"]
[Date "2016.10.04"]
[Round "20.3"]
[White "Andreikin, Dmitry"]
[Black "Pridorozhni, Aleksei"]
[Result "1/2-1/2"]
[WhiteTitle "GM"]
[BlackTitle "GM"]
[WhiteElo "2736"]
[BlackElo "2579"]
[WhiteFideId "4158814"]
[BlackFideId "4127870"]
[EventDate "2016.10.04"]

1. e4 e6 2. d4 d5 3. Nd2 dxe4 4. Nxe4 Bd7 5. Nf3 Bc6 6. Bd3 Nd7 7. O-O Ngf6 8.
Ng3 g6 9. c3 Bg7 10. Re1 O-O 11. Bg5 Qc8 12. Ne5 Nxe5 13. dxe5 Nd7 14. f4 b6 15.
Be4 Bxe4 16. Nxe4 f6 17. exf6 Nxf6 18. Bxf6 Bxf6 19. Qg4 Be7 20. Rad1 a5 21. h4
e5 22. Qxc8 Raxc8 23. fxe5 Bxh4 24. g3 Be7 25. Rd7 Kf7 26. e6+ Ke8 27. Kg2 h5
28. Nd2 Rf6 29. Nf3 Rxe6 30. Rxe6 Kxd7 31. Rxg6 Bd6 32. Rg5 Rh8 33. Kh3 a4 34.
Nd4 Rf8 35. Kg2 Rh8 36. Rg7+ Kc8 37. Nb5 Rh6 38. Kh3 Rf6 39. b3 axb3 40. axb3
Rf5 41. Nxd6+ cxd6 42. Kh4 Rc5 43. c4 Re5 44. Rg5 Re3 45. b4 Re4+ 46. Kxh5 Rxc4
47. Rg4 Rc1 48. Rd4 Kd7 49. g4 Ke6 50. g5 Rh1+ 51. Kg6 d5 52. Rd2 Rh4 53. b5 Rb4
54. Re2+ Kd6 55. Kf6 Rxb5 56. g6 Rb3 57. Re6+ Kc5 58. Re5 Rf3+ 59. Rf5 Rg3 60.
Rg5 Rf3+ 61. Ke7 Ra3 62. g7 Ra8 63. g8=Q Rxg8 64. Rxg8 b5 65. Ke6 b4 66. Rc8+
Kd4 67. Rb8 Kc3 68. Kxd5 b3 69. Rc8+ Kd3 70. Rh8 b2 71. Rh3+ Kc2 72. Ke4 1/2-1/2

[Event "ch-RUS Blitz 2016"]
[Site "Sochi RUS"]
[Date "2016.10.04"]
[Round "20.5"]
[White "Ponkratov, Pavel"]
[Black "Grachev, Boris"]
[Result "0-1"]
[WhiteTitle "GM"]
[BlackTitle "GM"]
[WhiteElo "2589"]
[BlackElo "2628"]
[WhiteFideId "4157800"]
[BlackFideId "4129199"]
[EventDate "2016.10.04"]

1. e4 c5 2. Nf3 e6 3. d4 cxd4 4. Nxd4 Nc6 5. Nc3 a6 6. Nxc6 bxc6 7. Bd3 d5 8.
O-O Nf6 9. e5 Nd7 10. Re1 Be7 11. Qg4 Kf8 12. Bf4 h5 13. Qf3 Kg8 14. Na4 Rb8 15.
c4 Nb6 16. Nxb6 Qxb6 17. b3 Bb7 18. Rac1 d4 19. Be4 c5 20. Bd2 g6 21. Bxb7 Qxb7
22. Qd3 h4 23. h3 Rh5 24. Re4 Qc7 25. Rce1 a5 26. Qc2 Bd8 27. Kh1 Rf5 28. Kg1
Qd7 29. Rg4 Kg7 30. Qc1 a4 31. Qa3 axb3 32. axb3 Qc6 33. b4 cxb4 34. Bxb4 Qxc4
35. Bd6 Qc2 36. Rf1 Rb1 37. Rxb1 Qxb1+ 38. Kh2 Rxf2 39. Be7 Rf1 40. Bf6+ Bxf6
41. exf6+ Rxf6 42. Rxd4 Qb8+ 43. Kg1 Qb1+ 44. Kh2 Rf1 45. Rxh4 Qb8+ 46. g3 Qe5
47. Qd3 Rf2+ 0-1

[Event "ch-RUS Blitz 2016"]
[Site "Sochi RUS"]
[Date "2016.10.04"]
[Round "20.6"]
[White "Khismatullin, Denis"]
[Black "Vitiugov, Nikita"]
[Result "0-1"]
[WhiteTitle "GM"]
[BlackTitle "GM"]
[WhiteElo "2617"]
[BlackElo "2721"]
[WhiteFideId "4142578"]
[BlackFideId "4152956"]
[EventDate "2016.10.04"]

1. Nf3 d5 2. g3 Bg4 3. Bg2 c6 4. O-O Nd7 5. c4 Bxf3 6. exf3 dxc4 7. Qe2 Nb6 8.
Rd1 Qd3 9. Qe1 Nf6 10. a4 e6 11. a5 Nbd5 12. Na3 Bc5 13. Bf1 Qxf3 14. Nxc4 Bxf2+
15. Qxf2 Qxd1 16. Nd6+ Kd7 17. Nxb7 Rhb8 18. Nc5+ Ke8 19. b3 Ng4 20. Qd4 Nxh2
21. Kxh2 Qxf1 22. Ba3 Qf6 23. Qg1 Qh6+ 24. Kg2 Qxd2+ 25. Kh3 Qh6+ 26. Kg2 Rd8
27. Re1 Nf6 28. Bc1 Qh5 29. Qf1 Qxc5 0-1

[Event "ch-RUS Blitz 2016"]
[Site "Sochi RUS"]
[Date "2016.10.04"]
[Round "20.7"]
[White "Bocharov, Dmitry"]
[Black "Riazantsev, Alexander"]
[Result "0-1"]
[WhiteTitle "GM"]
[BlackTitle "GM"]
[WhiteElo "2611"]
[BlackElo "2651"]
[WhiteFideId "4138716"]
[BlackFideId "4125029"]
[EventDate "2016.10.04"]

1. Nf3 d5 2. g3 c6 3. Bg2 Bf5 4. c4 e6 5. cxd5 cxd5 6. Qb3 Qb6 7. Qxb6 axb6 8.
Nc3 Nc6 9. d3 Nf6 10. O-O h6 11. Bf4 Bc5 12. a3 O-O 13. Rac1 Rfc8 14. Nb5 Ne8
15. b4 Be7 16. Rfe1 g5 17. Bd2 Nd6 18. Nfd4 Nxd4 19. Nxd4 Bg6 20. Rxc8+ Rxc8 21.
Rc1 Ra8 22. Rc7 Kf8 23. Nc2 Bd8 24. Rc3 Nb5 25. Rb3 Rc8 26. Rb2 Bf6 27. Ra2 Nc3
28. Bxc3 Rxc3 29. Bf1 Rb3 30. Kg2 Bb2 31. a4 Bc3 32. a5 Bxb4 33. axb6 Bc5 34.
Ra7 Rxb6 35. Ra5 Rc6 36. Rb5 b6 37. e3 Ke7 38. Rb3 0-1

[Event "ch-RUS Blitz 2016"]
[Site "Sochi RUS"]
[Date "2016.10.04"]
[Round "20.8"]
[White "Chigaev, Maksim"]
[Black "Khairullin, Ildar"]
[Result "0-1"]
[WhiteTitle "IM"]
[BlackTitle "GM"]
[WhiteElo "2551"]
[BlackElo "2630"]
[WhiteFideId "4108116"]
[BlackFideId "4151348"]
[EventDate "2016.10.04"]

1. e4 d5 2. exd5 Qxd5 3. Nf3 Nf6 4. Nc3 Qd6 5. d4 c6 6. Ne5 Nbd7 7. Nc4 Qc7 8.
Qf3 Nb6 9. Bf4 Qd7 10. Nxb6 axb6 11. O-O-O e6 12. Bc4 b5 13. Bb3 Nd5 14. Nxd5
cxd5 15. Qg3 f6 16. h4 h5 17. Qg6+ Qf7 18. Qd3 Bd7 19. Rhe1 Be7 20. Bxd5 exd5
21. Bd6 Be6 22. Qxb5+ Kf8 23. Qxb7 Re8 24. Qb4 Kg8 25. Re3 Bd8 26. Rde1 Kh7 27.
a4 Bf5 28. Qb5 Rxe3 29. Rxe3 Qg6 30. Qxd5 Bxc2 31. Rg3 Qe4 32. Qxh5+ Kg8 33. Qf3
Rxh4 34. Qc3 Rh1+ 0-1

[Event "ch-RUS Blitz 2016"]
[Site "Sochi RUS"]
[Date "2016.10.04"]
[Round "20.9"]
[White "Rakhmanov, Aleksandr"]
[Black "Zakhartsov, Vladimir"]
[Result "1-0"]
[WhiteTitle "GM"]
[BlackTitle "IM"]
[WhiteElo "2662"]
[BlackElo "2452"]
[WhiteFideId "4173708"]
[BlackFideId "4145097"]
[EventDate "2016.10.04"]

1. c4 e5 2. Nf3 Nc6 3. d4 exd4 4. Nxd4 Bb4+ 5. Bd2 Bxd2+ 6. Qxd2 Nxd4 7. Qxd4
Qf6 8. Qd2 b6 9. Nc3 Bb7 10. Nd5 Bxd5 11. cxd5 Ne7 12. g3 O-O 13. Bg2 c6 14. O-O
Nxd5 15. Bxd5 cxd5 16. b3 Rfe8 17. e3 d4 18. exd4 d5 19. Rac1 h5 20. Rfe1 h4 21.
Qf4 Qxf4 22. gxf4 Rec8 23. Kg2 Kf8 24. Kh3 a5 25. a4 Rab8 26. Kxh4 b5 27. Rxc8+
Rxc8 28. axb5 Rb8 29. Kg5 Rxb5 30. Re3 Rb4 31. Rd3 a4 32. bxa4 Rxa4 33. f5 Ra2
34. Rf3 Rd2 35. Rf4 Ke7 36. h4 Rd1 37. h5 f6+ 38. Kg4 Kf7 39. Kf3 Rd3+ 40. Kg2
Rd1 41. Rh4 Rd3 42. Rf4 Rd1 43. Rg4 Rd3 44. Rh4 Rd1 45. Kf3 Rd3+ 46. Ke2 Ra3 47.
h6 gxh6 48. Rxh6 Ra2+ 49. Ke3 Ra3+ 50. Ke2 Ra2+ 51. Kf3 Ra3+ 52. Kg4 Rd3 53.
Rh7+ Kg8 54. Rd7 Rxd4+ 55. Kh5 Rf4 56. Kg6 Kf8 57. Kxf6 Ke8 58. Rxd5 Rxf2 59.
Ra5 Rf1 60. Ra8+ Kd7 61. Rf8 Rg1 62. Kf7 Rg2 63. f6 Rg1 64. Ra8 Rh1 65. Ra5 Rg1
66. Rd5+ Kc6 67. Rd4 Kc7 68. Kf8 1-0

[Event "ch-RUS Blitz 2016"]
[Site "Sochi RUS"]
[Date "2016.10.04"]
[Round "20.10"]
[White "Romanov, Evgeny"]
[Black "Morozevich, Alexander"]
[Result "0-1"]
[WhiteTitle "GM"]
[BlackTitle "GM"]
[WhiteElo "2619"]
[BlackElo "2683"]
[WhiteFideId "4148843"]
[BlackFideId "4116992"]
[EventDate "2016.10.04"]

1. d4 e6 2. Nf3 c5 3. c4 cxd4 4. Nxd4 Nf6 5. Nc3 a6 6. a3 Qc7 7. e4 b6 8. Be2
Bb7 9. f3 Nc6 10. Be3 Nxd4 11. Bxd4 Bd6 12. g3 h5 13. Qd3 h4 14. O-O-O hxg3 15.
hxg3 Rxh1 16. Rxh1 Bxg3 17. Kb1 Qd6 18. Qe3 Be5 19. Bxe5 Qxe5 20. Qxb6 Bc6 21.
Rh8+ Ke7 22. Qb4+ d6 23. Rxa8 Bxa8 24. Qb8 Bc6 25. Qa7+ Nd7 26. Qxa6 Qc5 27. Nb5
Bxb5 28. Qxb5 Qe3 29. Bd1 Qd3+ 30. Bc2 Qxf3 31. a4 Ne5 32. a5 g5 33. a6 Qf1+ 34.
Ka2 Qxc4+ 35. Qxc4 Nxc4 36. Kb3 Nb6 37. Kb4 Kd7 38. Kb5 Nc8 39. Bd1 f5 40. exf5
exf5 41. Bc2 f4 42. Bf5+ 0-1

[Event "ch-RUS Blitz 2016"]
[Site "Sochi RUS"]
[Date "2016.10.04"]
[Round "20.11"]
[White "Shaposhnikov, Evgeny"]
[Black "Lugovskoy, Maxim"]
[Result "1-0"]
[WhiteTitle "GM"]
[BlackTitle "IM"]
[WhiteElo "2557"]
[BlackElo "2436"]
[WhiteFideId "4122232"]
[BlackFideId "24126454"]
[EventDate "2016.10.04"]

1. Nf3 d5 2. d4 Nf6 3. c4 e6 4. Nc3 Be7 5. Bf4 O-O 6. e3 b6 7. Rc1 c5 8. cxd5
Nxd5 9. Nxd5 exd5 10. Bd3 c4 11. Bb1 Be6 12. O-O Nc6 13. Qa4 Qd7 14. b3 a6 15.
bxc4 dxc4 16. Qc2 g6 17. Rfd1 Nb4 18. Qb2 Nd5 19. Ne5 Qb7 20. Bh6 Rfc8 21. e4 c3
22. Qe2 Nb4 23. d5 Bd7 24. Qf3 Be8 25. Rxc3 Rxc3 26. Qxc3 Rc8 27. Nc6 1-0

[Event "ch-RUS Blitz 2016"]
[Site "Sochi RUS"]
[Date "2016.10.04"]
[Round "20.12"]
[White "Usmanov, Vasily"]
[Black "Gabrielian, Artur"]
[Result "0-1"]
[WhiteTitle "IM"]
[BlackTitle "GM"]
[WhiteElo "2431"]
[BlackElo "2524"]
[WhiteFideId "4135741"]
[BlackFideId "4131002"]
[EventDate "2016.10.04"]

1. d4 Nf6 2. c4 g6 3. Nc3 Bg7 4. e4 O-O 5. Be2 d6 6. Bg5 c6 7. Qd2 Nbd7 8. f3 a6
9. a4 a5 10. Nh3 e5 11. Rd1 Qb6 12. c5 dxc5 13. dxe5 Nxe5 14. f4 Neg4 15. e5 Nd5
16. Nf2 Nxf2 17. Kxf2 Be6 18. Bc4 h6 19. Bxd5 cxd5 20. Be7 d4 21. Ne4 Rfc8 22.
Nf6+ Kh8 23. Rhe1 Bb3 24. Rc1 c4 25. Kg1 d3+ 26. Kh1 Qe6 27. Ba3 Rd8 28. Ne4 Rd5
29. Nc5 Qb6 30. Ne4 Rad8 31. Re3 Qd4 32. Nc3 Qxf4 33. Nxd5 Rxd5 34. Rce1 Bxe5
35. Qc1 Qxh2# 0-1